000 00523nam a2200193Ia 4500
003 OSt
005 20220926035045.0
006 a|||||r|||| 00| 0
007 ta
008 220923b |||||||| |||| 00| 0 eng d
037 _cGeneral Book
040 _aRTL
_cRTL
_beng
041 _2eng
_aeng
082 _aY:411:6, F7
100 _aFeldman Herman
_9341774
245 0 _aProhibition
_b Its economic and industrial aspects
942 _hY:411:6, F7
_cGB
_2CC
999 _c661222
_d661222